Science and Epilepsy : Neuroscience Gains in Epilepsy Research
Salvato in:
| Autori principali: | , |
|---|---|
| Natura: | Libro |
| Lingua: | inglese |
| Pubblicazione: |
New York :
Raven Press,
1976
|
| Tags: |
Nessun Tag, puoi essere il primo ad aggiungerne!!
|
MARC
| LEADER | 00000nam a22000003a 4500 | ||
|---|---|---|---|
| 001 | stu267058 | ||
| 005 | 20150617230221.3 | ||
| 008 | 130522s--------xxu-----------------eng-d | ||
| 020 | |a 0-89004-072-9 | ||
| 040 | |a STU |b slo | ||
| 041 | 0 | |a eng | |
| 044 | |a xxu | ||
| 100 | 1 | |a O´Leary, James |4 aut | |
| 245 | 1 | |a Science and Epilepsy : |b Neuroscience Gains in Epilepsy Research | |
| 260 | |a New York : |b Raven Press, |c 1976 | ||
| 300 | |a 287 s | ||
| 700 | 1 | |a Goldring, Sidney |4 aut | |
| 996 | |c I*3N2201 |l I |s P |a 0 |w stu267058_0001 | ||